Vyhláška o oceňovaní už nestačí dynamickému pohybu na trhu

Nedostatky vyhlášky o oceňovaní stavieb a ďalších nehnuteľností (Vyhláška MF SR č.465/1991 Zb. a novelizácia č.608/1992 Zb.) pre činnosť znalcov, rozdiely odhadnutých a trhových cien. Stanovenie cien dohodou. Cenové mapy miest.

Enregistré dans:
Détails bibliographiques
Auteur principal: Brunovský, O.
Format: Chapitre de livre
Langue:slovaque
Sujets:
Tags: Ajouter un tag
Pas de tags, Soyez le premier à ajouter un tag!

MARC

LEADER 00000naa a2200000 4500
001 r013843
005 20221213123550.2
041 0 |a slo 
044 |a SK 
245 1 0 |a Vyhláška o oceňovaní už nestačí dynamickému pohybu na trhu  |c O. Brunovský 
520 |a Nedostatky vyhlášky o oceňovaní stavieb a ďalších nehnuteľností (Vyhláška MF SR č.465/1991 Zb. a novelizácia č.608/1992 Zb.) pre činnosť znalcov, rozdiely odhadnutých a trhových cien. Stanovenie cien dohodou. Cenové mapy miest. 
610 2 0 |a cena nehnuteľností 
610 2 0 |a nehnuteľnosti 
610 2 0 |a stavby 
610 2 0 |a oceňovanie 
610 2 0 |a vyhlášky 
610 2 0 |a Slovensko 
100 1 |a Brunovský, O.